000 00943nmm a2200289 a 4500
001 ocm000891583
003 TR-IsHL
005 20201028144940.0
008 141121s2008 tu tur
007 cr cn
020 _a9789753101509
035 _a891583
_b(N$T)
050 0 4 _aPL248.E746
_bG69 2008
090 0 4 _aPL248.E746
_bG69 2008
100 1 _aErdoğan, Fatih
245 1 0 _aSihirli gözlük
_h[electronic resource] /
_cFatih Erdoğan ; resimleyen Huban Korman ; editör Keriman Güldiken
260 _aİstanbul :
_bMavibulut Yayınları,
_c2008
300 _a353 p.
650 4 _aDil ve Edebiyat
650 4 _aLanguage and Literature
650 0 _aÇocuk edebiyatı
650 0 _aChildren literature
650 7 _aJUVENILE FICTION / General
_2bisacsh
700 1 _aKorman, Huban
700 1 _aGüldiken, Keriman
856 4 0 _uhttp://search.ebscohost.com/login.aspx?direct=true&scope=site&db=e011xww&AN=891583
999 _c9700
_d9700